Voices from the front : (Record no. 6023)
[ view plain ]
| 000 -LEADER | |
|---|---|
| fixed length control field | 01600cam a2200385 a 4500 |
| 001 - CONTROL NUMBER | |
| control field | 56556730 |
| 003 - CONTROL NUMBER IDENTIFIER | |
| control field | OCoLC |
| 005 - DATE AND TIME OF LATEST TRANSACTION | |
| control field | 20190111163420.0 |
| 008 - FIXED-LENGTH DATA ELEMENTS--GENERAL INFORMATION | |
| fixed length control field | 050816s2004 nyuaf 000 0ceng d |
| 010 ## - LIBRARY OF CONGRESS CONTROL NUMBER | |
| LC control number | 2005299675 |
| 020 ## - INTERNATIONAL STANDARD BOOK NUMBER | |
| International Standard Book Number | 078671462X |
| 020 ## - INTERNATIONAL STANDARD BOOK NUMBER | |
| International Standard Book Number | 9780786714629 |
| 040 ## - CATALOGING SOURCE | |
| Original cataloging agency | OCO |
| Transcribing agency | OCO |
| Modifying agency | DLC |
| -- | WIH |
| -- | MIR |
| -- | UNA |
| -- | C@R |
| -- | BAKER |
| -- | IXA |
| -- | BTCTA |
| -- | YDXCP |
| -- | UtOrBLW |
| 042 ## - AUTHENTICATION CODE | |
| Authentication code | lccopycat |
| 043 ## - GEOGRAPHIC AREA CODE | |
| Geographic area code | n-us--- |
| -- | a-iq--- |
| -- | a-af--- |
| 050 00 - LIBRARY OF CONGRESS CALL NUMBER | |
| Classification number | DS79.764.U6 |
| Item number | V63 2004 |
| 082 00 - DEWEY DECIMAL CLASSIFICATION NUMBER | |
| Classification number | 956.7 |
| -- | B |
| Edition number | 22 |
| Item number | S294v |
| 245 00 - TITLE STATEMENT | |
| Title | Voices from the front : |
| Remainder of title | letters home from America's military family / |
| Statement of responsibility, etc. | letters collected, edited, and with a foreword by Frank Schaeffer |
| 250 ## - EDITION STATEMENT | |
| Edition statement | First Carroll & Graf edition |
| 264 #1 - PRODUCTION, PUBLICATION, DISTRIBUTION, MANUFACTURE, AND COPYRIGHT NOTICE | |
| Place of production, publication, distribution, manufacture | New York : |
| Name of producer, publisher, distributor, manufacturer | Carroll ?, |
| Date of production, publication, distribution, manufacture, or copyright notice | 2004 |
| 264 #2 - PRODUCTION, PUBLICATION, DISTRIBUTION, MANUFACTURE, AND COPYRIGHT NOTICE | |
| Place of production, publication, distribution, manufacture | [Emeryville, Calif.] : |
| Name of producer, publisher, distributor, manufacturer | Distributed by Publishers Group West |
| 300 ## - PHYSICAL DESCRIPTION | |
| Extent | xiii, 319 pages, 16 unnumbered pages of plates : |
| Other physical details | illustrations ; |
| Dimensions | 24 cm |
| 336 ## - CONTENT TYPE | |
| Content type term | text |
| Content type code | txt |
| Source | rdacontent |
| 337 ## - MEDIA TYPE | |
| Media type term | unmediated |
| Media type code | n |
| Source | rdamedia |
| 338 ## - CARRIER TYPE | |
| Carrier type term | volume |
| Carrier type code | nc |
| Source | rdacarrier |
| 505 0# - FORMATTED CONTENTS NOTE | |
| Formatted contents note | Foreword by Frank Schaeffer -- The letters: Boot camp -- Deployment -- Combat Afghanistan -- Combat Iraq -- Occupation Iraq -- Homecoming -- Afterword by Frank Schaeffer |
| 650 #0 - SUBJECT ADDED ENTRY--TOPICAL TERM | |
| Topical term or geographic name entry element | Iraq War, 2003-2011 |
| Form subdivision | Personal narratives, American |
| 650 #0 - SUBJECT ADDED ENTRY--TOPICAL TERM | |
| Topical term or geographic name entry element | Afghan War, 2001- |
| Form subdivision | Personal narratives, American |
| 650 #0 - SUBJECT ADDED ENTRY--TOPICAL TERM | |
| Topical term or geographic name entry element | War on Terrorism, 2001-2009 |
| 650 #0 - SUBJECT ADDED ENTRY--TOPICAL TERM | |
| Topical term or geographic name entry element | Soldiers |
| Geographic subdivision | United States |
| Form subdivision | Correspondence |
| 651 #0 - SUBJECT ADDED ENTRY--GEOGRAPHIC NAME | |
| Geographic name | United States |
| General subdivision | History, Military |
| Form subdivision | Sources |
| 651 #0 - SUBJECT ADDED ENTRY--GEOGRAPHIC NAME | |
| Geographic name | United States |
| General subdivision | Armed Forces |
| Form subdivision | Biography |
| 700 1# - ADDED ENTRY--PERSONAL NAME | |
| Personal name | Schaeffer, Frank |
| 942 ## - ADDED ENTRY ELEMENTS (KOHA) | |
| Source of classification or shelving scheme | Dewey Decimal Classification |
| Koha item type | Books |
| Withdrawn status | Lost status | Source of classification or shelving scheme | Damaged status | Not for loan | Collection code | Home library | Current library | Shelving location | Date acquired | Cost, normal purchase price | Total Checkouts | Full call number | Barcode | Date last seen | Price effective from | Koha item type |
|---|---|---|---|---|---|---|---|---|---|---|---|---|---|---|---|---|
| Dewey Decimal Classification | Non-fiction | Harvest Mission College | Harvest Mission College | General Stacks | 11.01.2019 | 250.00 | 956.7 S294v | 007007 | 11.01.2019 | 11.01.2019 | Books |
